Mantissa decisionum sacrae rotae romanae ad theatrum veritatis & justitiae cardinalis de luca ejusque tractus de officiis venalibus & statutariis successionibus. (Record no. 8283)

MARC details
000 -CABECERA
campo de control de longitud fija 01250nam a2200313 a 4500
001 - NÚMERO DE CONTROL
campo de control BRCA_8623
005 - FECHA Y HORA DE LA ÚLTIMA TRANSACCIÓN
campo de control 20190320210340.0
008 - DATOS DE LONGITUD FIJA--INFORMACIÓN GENERAL
campo de control de longitud fija 210916s1734----it-#######---#000-0#lat-#
050 #4 - SIGNATURA TOPOGRÁFICA DE LA BIBLIOTECA DEL CONGRESO
Número de clasificación KB230.A3
Número de documento/Ítem .M36
-- 1734
245 10 - MENCIÓN DE TÍTULO
Título Mantissa decisionum sacrae rotae romanae ad theatrum veritatis & justitiae cardinalis de luca ejusque tractus de officiis venalibus & statutariis successionibus.
260 ## - PUBLICACIÓN, DISTRIBUCIÓN, ETC.
Lugar de publicación, distribución, etc. Venetiis
Nombre del editor, distribuidor, etc. Ex typographia balleoniana
Fecha de publicación, distribución, etc. 1734
300 ## - DESCRIPCIÓN FÍSICA
Extensión vol. 4, 423 p.
Dimensiones 39 cm
500 ## - NOTA GENERAL
Nota general Fondo antiguo
500 ## - NOTA GENERAL
Nota general Se encuentra en Caja Fuerte
500 ## - NOTA GENERAL
Nota general U-118c
500 ## - NOTA GENERAL
Nota general Con Ex-libris de: Franz Mayer
500 ## - NOTA GENERAL
Nota general Vol. 3 se encuentra en Sala S. XIX
500 ## - NOTA GENERAL
Nota general Grabado en portada
500 ## - NOTA GENERAL
Nota general Texto impreso a dos columnas
500 ## - NOTA GENERAL
Nota general Viñetas al final de cada capítulo
500 ## - NOTA GENERAL
Nota general Incluye índice
500 ## - NOTA GENERAL
Nota general Contiene: argumentis summariis, ac indice materiatum locupletissimo
500 ## - NOTA GENERAL
Nota general En portada: superiorum permissu, ac privilegis
500 ## - NOTA GENERAL
Nota general Nota de encuadernación: piel sobre cartón, desgastada de lomo y tapas
506 0# - NOTA DE RESTRICCIONES AL ACCESO
Limitaciones de acceso Fondo reservado: para su consulta es necesario credencial de usuario y carta de motivos
650 14 - PUNTO DE ACCESO ADICIONAL DE MATERIA--TÉRMINO DE MATERIA
Término de materia o nombre geográfico como elemento de entrada Derecho canónico
9 (RLIN) 21260
902 ## - CATALOGADOR
Iniciales LAR
942 ## - ELEMENTOS DE PUNTO DE ACCESO ADICIONAL (KOHA)
Fuente del sistema de clasificación o colocación Library of Congress Classification
Tipo de ítem Koha Libros
Holdings
Estado de retiro Estado de pérdida Estado dañado No para préstamo Localización permanente Ubicación/localización actual Fecha de adquisición Número de inventario Total de préstamos Signatura topográfica completa Código de barras Fecha visto por última vez Precio válido a partir de Tipo de ítem Koha
El ejemplar forma parte de la colección y puede ser consultado según las políticas vigentes.       Biblioteca del Museo Franz Mayer (Rogerio Casas-Alatriste) Biblioteca del Museo Franz Mayer (Rogerio Casas-Alatriste) 21/09/2016 U-118c   KB230.A3 .M36 1734 (U-118c) LAR00126 22/03/2019 22/03/2019 Libros